Family wisdom (Record no. 12265)

000 -LEADER
fixed length control field 00681nam a22001577a 4500
008 - FIXED-LENGTH DATA ELEMENTS--GENERAL INFORMATION
fixed length control field 221017b 2003 ||||| |||| 00| 0 eng d
020 ## - INTERNATIONAL STANDARD BOOK NUMBER
International Standard Book Number 1401900143
082 ## - DEWEY DECIMAL CLASSIFICATION NUMBER
Classification number 649.1
Item number SHA
100 ## - MAIN ENTRY--PERSONAL NAME
Personal name Sharma, Robin
245 ## - TITLE STATEMENT
Title Family wisdom
250 ## - EDITION STATEMENT
Edition statement 2nd ed.
260 ## - PUBLICATION, DISTRIBUTION, ETC. (IMPRINT)
Place of publication, distribution, etc London
Name of publisher, distributor, etc Hay House, Inc.
Date of publication, distribution, etc 2003
300 ## - PHYSICAL DESCRIPTION
Extent xv, 250p.
520 ## - SUMMARY, ETC.
Summary, etc With profound insight and heartfelt enthusiasm, Robin Sharma teaches you the 5 masteries of the family leader as well as practical lessons to help you: Unlock the best talents and highest abilities of your child, Deepen the relationships between you and those you love, Inspire your children to be strong of character ...<br/>
942 ## - ADDED ENTRY ELEMENTS (KOHA)
Item type Gratis Books
Holdings
Withdrawn status Lost status Source of classification or shelving scheme Damaged status Not for loan Collection code Permanent location Current location Shelving location Date acquired Full call number Barcode Date last seen Koha item type Public note
          Fiction IMU-MPC Library IMU-MPC Library General Stacks 2022-10-17 649.1 SHA MPCG0905 2025-03-17 Gratis Books Column - 64
Copyright © 2021 Indian Maritime University, Mumbai Port Campus. All Rights Reserved. Managed & Maintained by Central Library, IMU-Mumbai

webs counters

Powered by Koha